000 00953nmc a2200349 a 4500
003 AR-BaBNM
005 20251128204336.0
008 011101s1987 ||||||||||||||000 | spa||
020 _a84-7046-150-8
040 _cAR-BaBNM
100 1 _aRey, André
245 1 0 _aRetraso mental y primeros ejercicios educativos
250 _a4ª ed.
260 _aBogotá
_bCincel
_c1987
300 0 _a268 p.
_bil., gráfs.
490 0 _aFondo de educación especial
_vv. 2
500 0 _aLista de títulos de la colección
504 _aContiene bibliografía
650 4 _aRETARDO MENTAL
650 4 _aEDUCACION ESPECIAL
650 4 _aPSICOLOGIA DEL NINO
650 4 _aPADRES
650 4 _aLENGUAJE
650 4 _aDESARROLLO DEL LENGUAJE
650 4 _aPRUEBAS PSICOLOGICAS
653 0 _aDISCAPACIDAD MENTAL
653 0 _aREEDUCACION
653 0 _aMOTRICIDAD
700 1 _aJacob Castillo, Concha
_etraductor
942 _cBK
998 _cMARTIN
999 _c7088
_d7088